Numery na koszulkach piłakarzy - Statystyki

Ogólne statystyki
  • Ten quiz został rozwiązany 470 razy
  • Średni wynik to 5 z 15
Statystyki odpowiedzi
Hint Odpowiedź % Poprawnych
Jakub Błaszczykowski 16
88%
Lionel Messi 10
77%
Łukasz Fabiański 1
58%
Gianluigi Donnarumma 99
52%
Zlatan Ibrahimović 21
37%
Jordan Henderson 14
33%
Riyad Mahrez 26
33%
Marco Asensio 20
29%
Grzegorz Krychowiak 7
28%
Gianluigi Buffon 77
23%
Kamil Grosicki 13
18%
Declan Rice 41
18%
Jan Bednarek 35
17%
Michał Pazdan 22
14%
Wayne Rooney 32
10%
Nie znaleziono quizów pasujących do podanych kryteriów
Rozkład punktacji
Procent ludzi z każdym wynikiem
Percentyl według liczby udzielonych odpowiedzi
Twoja historia wyników
Nie rozwiązałeś tego quizu